00628nam a22002177a 450000100060000000300090000600500170001500700060003200800310003804000220006908200290009110000440012024500580016426000310022230000210025349000280027465000220030265000230032465000360034783000270038300565DO-SdBNP20231023111704.000565160622b mx 1996 | 00| 0 spa d aBPMSUbspacBPMSU 4aCo863.44bG216n 19962221 aGarcía Márquez, Gabrield1927-2014.1 aNoticia de un secuestro /cGabriel García Márquez aMéxico :bTaller,c1996. a346 p. :c21 cm.1 aBiblioteca taller v317 4aNovela colombiana 4aSecuestrovNovela  4aTerrorismo zColombia vNovela  0aBiblioteca tallern317